000 00878nam a2200229Ii 4500
003 JO-AjNU
008 230605s9999||||xx |||||||||||||| ||und||
017 _a2008/8/2690
020 _a9957-16-465-2
040 _aJO-AjNU
_bara
_erda
_cJO-AjNU
041 _aara
050 1 4 _aK1530.H35.2009
100 3 _a الهمشري ، وليد عودة ,
_eauthor
_912432
245 0 0 _aعقود نقل التكنولوجيا : الالتزامات المتبادلة والشروط التقييدية " دراسة مقارنة "
250 _aط1
264 3 1 _aعمان : دار الثقافة ، 2009
300 _a336ص
336 _atext
_btxt
_2rdacontent
337 _aunmediated
_bn
_2rdamedia
338 _avolume
_bnc
_2rdacarrier
650 4 _aالعقود -- كتابة العقود -- الالتزامات -- القانون المدني -- القانون الخاص
_912433
999 _aA2833
_c6401
_d6401